000 00872nam a2200193 a 4500
001 000042200
005 20201002040012.0
008 131119s1984 sp g 000 0 spa d
040 _aDO-SdBNP
_bspa
_cBNPHU
100 1 _aSelma y Salaverde, Bartolomeo
_969213
245 1 0 _a5 Cannzoni :
_bpara instrumentos de viento o de cuerda y bajo continuo /
_cBartolomeo de Selma y Salaverde ; transcripción por Santiago Kastner.
246 1 0 _aCinco cannzoni :
_bpara instrumentos de viento o de cuerda y bajo continuo
260 _aBarcelona :
_bInstituto Español de Musicología,
_c1984.
300 _a72 p. :
_bpartituras ;
_c32 cm.
490 1 _aMúsica hispana
_aSerie C, música de cámara
_v15
700 1 _aKastner, Macario Santiago
_d1908-1992
_969214
710 2 _aInstituto Español de Musicología
_969215
830 0 _aMúsica hispana
_pSerie C, música de cámara
_v15
_969216
999 _c41689
_d41689